<?xml version="1.0" encoding="UTF-8"?><?xml-stylesheet type="text/xsl" href="static/style.xsl"?><OAI-PMH xmlns="http://www.openarchives.org/OAI/2.0/" xmlns:xsi="http://www.w3.org/2001/XMLSchema-instance" xsi:schemaLocation="http://www.openarchives.org/OAI/2.0/ http://www.openarchives.org/OAI/2.0/OAI-PMH.xsd"><responseDate>2026-04-17T03:54:39Z</responseDate><request verb="GetRecord" identifier="oai:www.recercat.cat:2072/453989" metadataPrefix="marc">https://recercat.cat/oai/request</request><GetRecord><record><header><identifier>oai:recercat.cat:2072/453989</identifier><datestamp>2024-10-29T16:52:43Z</datestamp><setSpec>com_2072_98</setSpec><setSpec>col_2072_378196</setSpec></header><metadata><record xmlns="http://www.loc.gov/MARC21/slim" xmlns:dcterms="http://purl.org/dc/terms/" xmlns:xsi="http://www.w3.org/2001/XMLSchema-instance" xmlns:doc="http://www.lyncode.com/xoai" xsi:schemaLocation="http://www.loc.gov/MARC21/slim http://www.loc.gov/standards/marcxml/schema/MARC21slim.xsd">
   <leader>00925njm 22002777a 4500</leader>
   <datafield ind2=" " ind1=" " tag="042">
      <subfield code="a">dc</subfield>
   </datafield>
   <datafield ind2=" " ind1=" " tag="720">
      <subfield code="a">Varela Rodríguez, Mireia</subfield>
      <subfield code="e">author</subfield>
   </datafield>
   <datafield ind2=" " ind1=" " tag="720">
      <subfield code="a">Universitat Autònoma de Barcelona. Facultat de Filosofia i Lletres</subfield>
      <subfield code="e">author</subfield>
   </datafield>
   <datafield ind2=" " ind1=" " tag="260">
      <subfield code="c">2016</subfield>
   </datafield>
   <datafield ind2=" " ind1=" " tag="520">
      <subfield code="a">La palabra es el vehículo comunicativo por antonomasia, postulándose como nexo directo entre idea y expresión. Sin embargo, tal convencimiento no es más que una falaz estratagema de autocomplacencia humana para mitigar su verdadera incapacidad comunicativa. Anegada de convenciones, intencionalidades y demás corrupciones, la palabra queda incapacitada como herramienta comunicativa. El silencio, pero, es universal sin especificidades idiomáticas o contextos comunicativos que lo subyuguen. Incorruptible, desobediente y disidente de protocolos, se erige como máxima comunicativa a pesar de su inaccesibilidad. Max Aub se vale de silencios, aunque infranqueables, se convierten en su arma literaria expresiva más poderosa</subfield>
   </datafield>
   <datafield ind2=" " ind1=" " tag="520">
      <subfield code="a">La paraula és el vehicle comunicatiu per antonomàsia , postulant-se com nexe directe entre idea i expressió. No obstant, tal convenciment no és més que una fal·laç estratagema de autocomplaença humana per mitigar la seva veritable incapacitat comunicativa. Negada de convencions, intencionalitats i demés corrupcions, la paraula queda incapacitada como eina comunicativa. El silenci, però, és universal sense especificitats idiomàtiques o contexts comunicatius que el subjuguin. Incorruptible, desobedient i dissident de protocols, s'erigeix com màxima comunicativa malgrat la seva inaccessibilitat. Max Aub es serveix de silencis, encara que infranquejables, es converteixen en la seva arma literària expressiva més poderosa</subfield>
   </datafield>
   <datafield ind1="8" ind2=" " tag="024">
      <subfield code="a">http://hdl.handle.net/2072/453989</subfield>
   </datafield>
   <datafield tag="653" ind2=" " ind1=" ">
      <subfield code="a">Silencio</subfield>
   </datafield>
   <datafield tag="653" ind2=" " ind1=" ">
      <subfield code="a">Max Aub</subfield>
   </datafield>
   <datafield tag="653" ind2=" " ind1=" ">
      <subfield code="a">Palabra</subfield>
   </datafield>
   <datafield tag="653" ind2=" " ind1=" ">
      <subfield code="a">Comunicación</subfield>
   </datafield>
   <datafield tag="653" ind2=" " ind1=" ">
      <subfield code="a">Sátira menipea</subfield>
   </datafield>
   <datafield tag="653" ind2=" " ind1=" ">
      <subfield code="a">Silenci</subfield>
   </datafield>
   <datafield tag="653" ind2=" " ind1=" ">
      <subfield code="a">Paraula</subfield>
   </datafield>
   <datafield tag="653" ind2=" " ind1=" ">
      <subfield code="a">Comunicació</subfield>
   </datafield>
   <datafield tag="653" ind2=" " ind1=" ">
      <subfield code="a">Sàtira menipea</subfield>
   </datafield>
   <datafield ind2="0" ind1="0" tag="245">
      <subfield code="a">Escribir sobre el silencio : reflexiones sobre el uso del silencio como herramienta comunicativa en los epistolarios de Max Aub con Francisco Ayala, Manuel Tuñón de Lara y Vicente Aleixandre en el cuento El silencio y en Manuscrito cuervo : historia de Jacobo</subfield>
   </datafield>
</record></metadata></record></GetRecord></OAI-PMH>